[Event "Cuiaba Contaud op"]
[Site "Cuiaba"]
[Date "2024.11.23"]
[Round "3"]
[White "De Souza, Mateus Nascimento"]
[Black "Rudy, Samuel Jose"]
[Result "1-0"]
[WhiteElo "1703"]
[BlackElo "1800"]
[PlyCount "45"]
[EventDate "2024.11.22"]
[EventType "swiss"]
[EventRounds "6"]
[EventCountry "BRA"]
[SourceTitle "CB49_2024"]
[SourceDate "2024.12.04"]
[SourceVersion "1"]
[SourceVersionDate "2024.12.04"]
[SourceQuality "1"]

1. d4 Nf6 2. Nf3 g6 3. Bg5 Bg7 4. c3 d6 5. Nbd2 Nc6 6. e4 h6 7. Bh4 g5 8. Bg3 Nh5 9. Bc4 Nxg3 10. hxg3 f5 11. Qe2 e5 12. 0-0-0 Qe7 13. Rhe1 Bd7 14. d5 Na5 15. Bd3 fxe4 16. Bxe4 b6 17. Bg6+ Kd8 18. Qd3 Rf8 19. b4 Nb7 20. Nd4 Qf6 21. Nc6+ Kc8 22. Ne4 Bf5 23. Bxf5+ 1-0